Quizzes
Events
Quiz Creation
Community
Videos
Private Events
Remove Ads
Sign In
Join for FREE
Feedback
Dark Mode
Quiz Categories
Sports
Geography
Music
Movies
Television
Just For Fun
Miscellaneous
History
Literature
Language
Science
Gaming
Entertainment
Religion
Holiday
For Kids
Quiz Lab
Recent
Popular Today
Quiz Kudos Today
Editor Picks
Curator Picks
Quizzes by...
Day
Popularity
Type
Ratings
Length
Year
Community
Subscriptions
Recent Discussions
Orange Saloon
Badges
Playlists
Quests
Create
Leaderboards
Showdown
Live 5
Trivia Bingo
Activity
Puzzle Library
Sporcle Events
Private Events
Virtual Trivia
Globe League
Become a Host
Pub Owners
SporcleCon
Opinionation
Our Games
Videos
Blog
Mobile Apps
Partnerships
Remove Ads and Go Orange
Feedback
Literature
Harry Potter
A Song of Ice and Fire
The Hunger Games
Literary Character
Shakespeare
Book
Author
Novel
Poem
Young Adult
Children's Books
Play
Lord of the Rings
Literature
Harry Potter
A Song of Ice and Fire
The Hunger Games
Literary Character
Shakespeare
Book
Author
Novel
Poem
Young Adult
Children's Books
Play
Lord of the Rings
Random Quiz
Search Sporcle
×
Quiz Lab
Quiz Lab
Literature
Author
Type in answers that appear in a list
Type in answers that appear in a list
Classic
Best Score? Go Orange.
Author By Three Major Novels Stats
Can you name the three major novels of these authors?
By
Desdichado94
6m
54 Questions
81 Plays
81 Plays
81 Plays
Comments
Comments
Give Quiz Kudos
Give Quiz Kudos
-
- Ratings
hide this ad
Forced Order
Answers have to be entered in order
Answers have to be entered in order
Replay
Link that replays current quiz
Next Quiz
Link to next quiz in quiz playlist
You Got
0%
They Got
Avg Score
52%
Avg Friend Score
Upgrade to see
Score Distribution
Jump to the score distribution portion of the page
Score
0/54
Timer
06:00
0
Plays Today
Author
Book
% Correct
Jane Austen
Pride and Prejudice
90.1%
Jane Austen
Sense and Sensibility
86.4%
Jane Austen
Emma
84%
Leo Tolstoy
War and Peace
84%
Alexandre Dumas
The Three Musketeers
82.7%
Mark Twain
The Adventures of Tom Sawyer
81.5%
Robert Louis Stevenson
Treasure Island
80.2%
Mark Twain
The Adventures of Huckleberry Finn
80.2%
Alexandre Dumas
The Count of Monte Cristo
77.8%
Fyodor Dostoevsky
Crime and Punishment
77.8%
Leo Tolstoy
Anna Karenina
75.3%
Charles Dickens
A Tale of Two Cities
69.1%
Charles Dickens
Great Expectations
69.1%
F. Scott Fitzgerald
The Great Gatsby
67.9%
Joseph Conrad
Heart of Darkness
67.9%
James Joyce
Ulysses
66.7%
Charles Dickens
David Copperfield
66.7%
James Joyce
A Portrait of the Artist as a Young Man
56.8%
E.M. Forster
A Passage to India
54.3%
Virginia Woolf
To the Lighthouse
54.3%
Ernest Hemingway
The Sun Also Rises
53.1%
Thomas Hardy
Tess of the d'Urbervilles
53.1%
Fyodor Dostoevsky
The Brothers Karamazov
53.1%
Fyodor Dostoevsky
The Idiot
51.9%
William Faulkner
The Sound and the Fury
50.6%
Robert Louis Stevenson
The Strange Case of Dr. Jekyll and Mr. Hyde
50.6%
Robert Louis Stevenson
Kidnapped
50.6%
Author
Book
% Correct
George Eliot
Middlemarch
50.6%
Virginia Woolf
Mrs Dalloway
50.6%
E.M. Forster
A Room with a View
48.1%
Edith Wharton
The Age of Innocence
48.1%
Ernest Hemingway
A Farewell to Arms
48.1%
Ernest Hemingway
For Whom the Bell Tolls
48.1%
Thomas Hardy
Jude the Obscure
48.1%
Joseph Conrad
Lord Jim
46.9%
James Joyce
Finnegans Wake
45.7%
Mark Twain
A Connecticut Yankee in King Arthur's Court
42%
William Faulkner
As I Lay Dying
40.7%
E.M. Forster
Howards End
39.5%
Edith Wharton
Ethan Frome
38.3%
George Eliot
The Mill on the Floss
38.3%
Edith Wharton
The House of Mirth
37%
Virginia Woolf
Orlando
34.6%
F. Scott Fitzgerald
Tender is the Night
34.6%
Henry James
The Portrait of a Lady
34.6%
F. Scott Fitzgerald
This Side of Paradise
33.3%
Thomas Hardy
The Mayor of Casterbridge
33.3%
George Eliot
Silas Marner
33.3%
Joseph Conrad
Nostromo
29.6%
William Faulkner
Light in August
28.4%
Henry James
The Ambassadors
27.2%
Henry James
The Wings of the Dove
25.9%
Alexandre Dumas
Twenty Years After
21%
Leo Tolstoy
The Death of Ivan Ilych
19.8%
Quiz Playlist
Details
Report
Send in Message
Add To Playlist
Classic:
Type in answers that appear in a list
Forced Order:
Answers have to be entered in order
Last Updated: Feb 16, 2017
Quiz Scoreboard
CHALLENGE
Sign Up to Join the Scoreboard
Show All
Scores
Hide
Comments
May contain spoilers
Recently Published
Pick 6: Fruits
by JohnFran
Miscellaneous
15s
Click the 1999 NBA Draft
by nibperrychub
Sports
2m
Alphabetical 'K' Countries by Flag Minefield
by ylime102
Geography
3m
More to Explore
Quiz From the Vault
Featured Blog Post
15 Basketball Trivia Facts You Can Be March Mad About
hide this ad
You Might Also Like...
Tags
Author Quiz
Book Quiz
Novel Quiz
major
three
Today's Top Quizzes in Literature
Browse Literature
hide this ad
Today's Top Quizzes in Author
Browse Author
Top Contributed Quizzes in Literature
1
Season Plays
2
Harry Potter Characters: Logic Puzzle
3
Pick 3: Harry Potter Hogwarts Quidditch Players
4
Harry Potter Logic Quiz New
5
4-to-1 Blitz: Harry Potter
6
Word Ladder: King's 'The Stand'
7
Spring Reading List
8
A Court of Thorns and Roses (ACoTaR) Criteria Quiz
9
Chronology: Percy Jackson - Character deaths
10
percy jackson logic puzzle
Explore More
Trending Topics
Marvel
NBA
Crossword
Anime
Disney
Harry Potter
Kpop
Pokémon
Puzzle
Song
NFL
Soccer
Country
WWE
The Office
hide this ad
More By:
Desdichado94
Quiz
Plays
Rating
Category
Featured
Created
Brain Structure Functions
71,604
2.47
Science
Sep 18, 2012
Clickable Quiz: Nobel Prize in Literature
14,832
4.53
Literature
Mar 28, 2012
Presidents Who Outlived Their Successors
6,946
4.68
History
Feb 21, 2013
50 Most Influential Philosophers
1,855
4.45
History
Oct 31, 2012
Edith Wharton Novels
1,288
4.47
Literature
Mar 26, 2012
Go to Creator's Profile
Score Distribution
Quiz Creator Spotlight
Desdichado94
Follow
Send a Message
Quizzes Created
-
Created Quiz Play Count
-
More By This Creator
Popular Quizzes Today
1
Countries of Asia Without Outlines Minefield
2
Find the US States - No Outlines Minefield
3
Pick 6: Fruits
4
Alphabetical 'K' Countries by Flag Minefield
5
The Countries of the World
6
Find the US States
7
US States
8
Find the Countries of Europe - No Outlines Minefield
More Literature Quizzes
Authors. Initials. Books.
Published
Trending Quizzes
Pick 6: Mountains
Pick 6: Harry Potter
Pick 6: Flags
Pick 6: NFL Teams
Pick 6: Movie Franchises
Recently Updated
NWSL Teams
pecheneg
Women's Final Four Teams by Year
bhenderson79
Presidents Quartet II
eogle
Anything But Clue(do)
eogle
Anything But Oceanian Capitals
eogle
Anything But 7
eogle
Anything But Thing
eogle
Word Ladder: February 29
pecheneg
Song Title Questions
pecheneg
Women's NCAA Tournament #1 Seeds
pecheneg
Trending Topics
Anime
Crossword
Kpop
Disney
Marvel
Harry Potter
NBA
The Office
Puzzle
Song
Country
NFL
Pokémon
WWE
Soccer
Your Account Isn't Verified!
In order to create a playlist on Sporcle, you need to verify the email address you used during registration. Go to your
Sporcle Settings
to finish the process.
Report this User
Report this user for behavior that violates our
Community Guidelines
.
Details:
Send Report
Go to the Sporcle.com Mobile Site →
Comments